La precontractualidad en el derecho del trabajo (Registro nro. 30010)

Detalles MARC
000 -LEADER
fixed length control field 00326 a2200109 4500
001 - CONTROL NUMBER
control field ART_55798
005 - DATE AND TIME OF LATEST TRANSACTION
control field 20260410161947.0
008 - FIXED-LENGTH DATA ELEMENTS--GENERAL INFORMATION
fixed length control field 260409a
100 1# - MAIN ENTRY--PERSONAL NAME
Personal name Tula, Diego J.
245 10 - TITLE STATEMENT
Title La precontractualidad en el derecho del trabajo
773 0# - HOST ITEM ENTRY
Title Temas de derecho laboral
Related parts - N° 5 (mayo 2022)
Record control number REV27619

No hay ítems disponibles.